000 00321nam a2200121Ia 4500
008 191206s9999 xx 000 0 und d
020 _a0718302141 :
245 0 _aWhen money dies: the nightmare of the Weimar collapse
260 _aKimber
260 _cc1975
300 _a256 p. ; 24 cm.
999 _c17282
_d17282